000
00310nam a22001337a 4500
008
170925b xxu||||| |||| 00| 0 eng d
020
_a
9780120585700
041
_a
eng
080
_a
37
100
_a
46
101
_a
EDU
245
_a
HANDBOOK OF PSYCHOEDUCATIONAL ASSESSMENT
_c
ANDREWS,J,J
942
_2
udc
_c
BK
999
_c
29676
_d
29676